Administratívna budova s priemyselnou halou

Salvato in:
Dettagli Bibliografici
Autore principale: Kulich, Marek (Autore)
Altri autori: Ingeli, Rastislav (Relatore della tesi)
Natura: Manoscritto Libro
Lingua:slovacco
Pubblicazione: 2022
Soggetti:
Accesso online:http://is.stuba.sk/zp/portal_zp.pl?podrobnosti=165061
https://opac.crzp.sk/?fn=detailBiblioForm&sid=D9F0BB0A8DA9926981A399D31B33
Tags: Aggiungi Tag
Nessun Tag, puoi essere il primo ad aggiungerne!!

MARC

LEADER 00000ntm a22000003a 4500
001 stuzp90817
003 SK-STU
005 20230424143653.0
007 ta
008 150427s2015----xo-----f-mn---000-0-slo-d
040 |a STU  |b slo 
041 0 |a slo 
100 1 |a Kulich, Marek  |u 010180  |4 aut  |U SvF Stavebná fakulta  |T SvF Katedra konštrukcií pozemných stavieb  |X 87373  |U V180  |Y 18  |7 87373 
242 0 1 |a Office building with industrial hall  |y eng 
245 1 0 |a Administratívna budova s priemyselnou halou 
260 |c 2022 
650 4 |a administratíva  |2 slo 
650 4 |a budova  |2 slo 
650 4 |a hala  |2 slo 
650 4 |a stavba  |2 slo 
650 4 |a administration  |2 eng 
650 4 |a construction  |2 eng 
650 4 |a building  |2 eng 
650 4 |a hall  |2 eng 
700 1 |a Ingeli, Rastislav  |u 010180  |k Z1  |4 ths  |U SvF Stavebná fakulta  |T SvF Katedra konštrukcií pozemných stavieb  |X 23863  |U V180  |Y 18  |7 A000023863 
856 4 |u http://is.stuba.sk/zp/portal_zp.pl?podrobnosti=165061 
856 4 |u https://opac.crzp.sk/?fn=detailBiblioForm&sid=D9F0BB0A8DA9926981A399D31B33